| 000 | 00930nam a2200229 a 4500 | ||
|---|---|---|---|
| 001 | 71424 | ||
| 003 | BD-RjUL | ||
| 005 | 20211209082118.0 | ||
| 008 | 170503s1967 bg |||| |||| 000 0 ben d | ||
| 035 | _a(BD-RjUL) 71640 | ||
| 040 |
_aBD-RjUL _bben _cBD-RjUL |
||
| 041 | _aeng | ||
| 082 |
_223 _a891.44608 _bAHS 1967 |
||
| 100 |
_aআহমদ, সৈয়দ _9126301 |
||
| 245 | 1 | 0 |
_aস্যার সৈয়দ আহমদের পত্রাবলী / _cসৈয়দ আহমদ ; মুজীবুর রহমান অনূদিত |
| 260 |
_aঢাকা : _bবাংলা একাডেমী, _c১৯৬৭ |
||
| 300 |
_a৩১২ পৃ. ; _c২২ সেমি. |
||
| 650 |
_aবাংলা পত্রাবলী _xসংগ্রহ _9122902 |
||
| 650 |
_aBengali letters _xCollection _9122903 |
||
| 700 |
_aরহমান, মুজীবুর অনূদিত _9126065 |
||
| 942 |
_2ddc _cBK |
||
| 999 |
_c71424 _d71424 |
||